000 00718nam a2200289Ia 4500
005 20260324135916.0
008 008 260324s9999 xx 000 0 eng d
020 _a9780203776070
037 _aEBOOK
040 _aCRL
040 _beng
040 _cCRL
041 _2eng
041 _aeng
084 _qCRL
100 _aPascal Huguet; Jean-Marc Monteil
_91202383
245 0 _aSocial Context and Cognitive Performance
245 0 _bTowards a Social Psychology of Cognition
260 _bTaylor and Francis
260 _c1999
365 _a
365 _b145
856 _uhttp://www.taylorfrancis.com/books/9780203776070
942 _cEBOOK
999 _c1803929
_d1803929